000 00483nam a2200169 a 4500
005 20140412111315.0
008 001219s19uu xx 00 eng d
020 _a0-7214-1177-0
050 _aER
_bCo83 1989
245 _aColours /
_cillustrated by Margaret Chamberlain.
260 _aLeicestershire, UK :
_bLadybird Books Ltd,
_c1989.
300 _a1 v. (unp.) ; ill.
440 _aA Ladybird Rhyme Book
650 _aColours, for children
999 _c104197
_d104197